000
00291nam a2200145Ia 4500
100
_a
Amarender / N
942
_c
BK
654
_a
Programming
245
_a
Computer Programming 1
260
_b
Nandu Pub
_c
1999
082
_a
5.1
_b
AMA
300
_a
126
546
_a
ENGLISH
999
_c
29947
_d
29947